000 00460nam a2200181Ia 4500
001 3094
005 20260306144855.0
008 260306t2005||||xx |||||||||||||| ||spa||
041 _aESP
082 _a250.85
_bH41
100 _aHervada, Javier
_eAUT
245 0 _aVetera et nova:
_bcuestiones de derecho canónico y afines (1958-2004)
260 _c2005
300 _a772 páginas :
_c24 cm.
650 _aGEN
654 _aCHU
942 _cLIB
_dJUS
_fJUS
_2ddc
_n
999 _c3094
_d3094